000 00516nam a22001937a 4500
003 KOHA_MİRAKIL
005 20250421144118.0
008 250421b tu ||||| |||| 00| 0 tur d
020 _a9786057639639
040 _aTR-AnABB
_btur
_cTR-AnABB
041 _atur
082 _a853.8
_bBOI 2021
100 1 _aBoito, Camillo,
245 1 0 _aSenso /
_cCamillo Boito
260 _aİstanbul :
_bDedalus Kitap,
_c2021
300 _a71 sayfa ;
_c20 cm
650 0 4 _aİtalya edebiyatı, roman
942 _2ddc
_cBK
999 _c8800
_d8800
900 _bGizem YORULMAZ